|
|
|
|
| LEADER |
02118njm a2200493 a 4500 |
| 001 |
000199477 |
| 003 |
CZ BrMZK |
| 005 |
20070614092740.0 |
| 008 |
950101s1997 xr f cze d |
| 028 |
0 |
1 |
|a 5171-2 811
|b Supraphon
|
| 040 |
|
|
|a BOA001
|b cze
|
| 072 |
|
7 |
|a 821-93
|x Literatura pro děti a mládež (beletrie)
|2 Konspekt
|9 26
|
| 072 |
|
7 |
|a 821.162.3-3
|x Česká próza
|2 Konspekt
|9 25
|
| 080 |
|
|
|a 821.162.3-34
|2 MRF
|
| 080 |
|
|
|a (0:82-34)
|2 MRF
|
| 080 |
|
|
|a (086.7.053.2)
|2 MRF
|
| 080 |
|
|
|a (086.76)
|2 MRF
|
| 245 |
0 |
0 |
|a Pohádky filmových princezen
|h [zvukový záznam] /
|c [text (podle stejnejmenných filmů) Václav Hons a Jiří Tušl ; hudba Jiří Stivín].
|
| 246 |
3 |
3 |
|a Pyšná princezna
|
| 246 |
3 |
3 |
|a Sůl nad zlato
|
| 246 |
3 |
3 |
|a Tři oříšky pro Popelku
|
| 246 |
3 |
3 |
|a Šíleně smutná princezna
|
| 246 |
3 |
3 |
|a O princezně Jasněnce a létajícím ševci
|
| 260 |
|
|
|a Praha :
|b Supraphon Records,
|c p1997
|
| 300 |
|
|
|a 1 CD :
|b DDD ;
|c 12 cm +
|e 1 složený list.
|
| 306 |
|
|
|a 010657
|
| 500 |
|
|
|a Durata 66:57
|
| 500 |
|
|
|a Nahr. 1997
|
| 505 |
2 |
|
|a Sůl nad zlato, O princezně Jasněnce a létajícím ševci, Šíleně smutná princezna ... [et al.]
|
| 511 |
0 |
|
|a Vypravují: Milena Dvorská, Michaela Kuklová, Helena Vondráčková ... [et al.]
|
| 655 |
|
7 |
|a české pohádky
|7 fd133970
|2 czenas
|
| 655 |
|
7 |
|a zvukové záznamy pro děti a mládež
|7 fd186726
|2 czenas
|
| 655 |
|
7 |
|a kompaktní desky
|7 fd201991
|2 czenas
|
| 700 |
1 |
|
|a Šafránková, Libuše,
|d 1953-2021
|7 jn19990209824
|4 nrt
|
| 700 |
1 |
|
|a Dvorská, Milena,
|d 1938-2009
|7 jn19981000821
|4 nrt
|
| 700 |
1 |
|
|a Hons, Václav,
|d 1938-
|7 jk01041939
|4 adp
|
| 700 |
1 |
|
|a Kuklová, Michaela,
|d 1968-
|7 jx20031210001
|4 nrt
|
| 700 |
1 |
|
|a Stivín, Jiří,
|d 1942-
|7 jn19990209799
|4 cmp
|4 prf
|
| 700 |
1 |
|
|a Tušl, Jiří,
|d 1943-
|7 kup19960000103438
|4 adp
|
| 700 |
1 |
|
|a Vondráčková, Helena,
|d 1947-
|7 jn19990210804
|4 nrt
|
| 700 |
1 |
|
|a Vránová, Alena,
|d 1932-
|7 jn19990210811
|4 nrt
|
| 910 |
|
|
|a BOA001
|b CD-0004.702
|
| 990 |
|
|
|a AV
|
| 996 |
6 |
|
|b 261H004816
|c CD-0004.702
|l MZK
|r Sklad / do 24 hodin
|n 0
|p p.v.
|w 000199477
|u 000010
|a 1
|e BOA001
|j MZK50
|s P
|